| 000 | 01403nam a2200361 a 4500 | ||
|---|---|---|---|
| 001 | vtls003202712 | ||
| 003 | MY-SjTCS | ||
| 005 | 20200306164443.0 | ||
| 006 | m u | ||
| 007 | cr cn||||||||| | ||
| 008 | 100712s2004 wiu s s000 0aeng | ||
| 010 | _z 2003-020577 | ||
| 020 | _z0299195708 (alk. paper) | ||
| 035 | _a(CaPaEBR)ebr10223904 | ||
| 039 | 9 |
_y201007121800 _zVLOAD |
|
| 040 |
_aCaPaEBR _cCaPaEBR |
||
| 043 |
_af-et--- _an-us--- |
||
| 050 | 1 | 4 |
_aE184.E74 _bB57 2004eb |
| 082 | 0 | 4 |
_a305.892/8073/092 _aB _222 |
| 100 | 1 |
_aBirabiro, Meti. _9252384 |
|
| 245 | 1 | 0 |
_aBlue daughter of the Red Sea _h[electronic resource] : _ba memoir / _cMeti Birabiro. |
| 260 |
_aMadison : _bUniversity of Wisconsin Press, _cc2004. |
||
| 300 |
_axvi, 191 p. ; _c24 cm. |
||
| 500 | _a"Terrace Books." | ||
| 529 | _aTSLHHL | ||
| 533 |
_aElectronic reproduction. _bPalo Alto, Calif. : _cebrary, _d2009. _nAvailable via World Wide Web. _nAccess may be limited to ebrary affiliated libraries. |
||
| 600 | 1 | 0 |
_aBirabiro, Meti. _9252385 |
| 650 | 0 |
_aEthiopian Americans _vBiography. _9252386 |
|
| 651 | 0 |
_aEthiopia _vBiography. _9252387 |
|
| 655 | 7 |
_aElectronic books. _2local _9201578 |
|
| 710 | 2 |
_aebrary, Inc. _925628 |
|
| 856 | 4 | 0 |
_uhttps://ezproxy.taylors.edu.my/login?url=http://site.ebrary.com/lib/taylorscollege/Doc?id=10223904 _zAn electronic book accessible through the World Wide Web; click to view |
| 999 | _c49895 | ||